000 01061cam a22003613a 4500
001 30890
003 PGUSA
005 20140828083652.0
008 100108s2010||||xxu|||||s|||||000 1 eng d
040 _aPGUSA
_beng
042 _adc
050 4 _aPZ
050 4 _aPS
100 1 _aTwain, Mark,
_d1835-1910
245 1 0 _aLes Aventures De Tom Sawyer
_h[electronic resource] /
_cMark Twain
260 _bProject Gutenberg,
_c2010
506 _aPublic domain in the USA.
516 _aElectronic text
653 _aRunaway children -- Fiction
653 _aSawyer, Tom (Fictitious character) -- Fiction
653 _aMale friendship -- Fiction
653 _aChild witnesses -- Fiction
653 _aMississippi River Valley -- Fiction
653 _aBoys -- Fiction
653 _aMissouri -- Fiction
653 _aBildungsromans
653 _aHumorous stories
653 _aAdventure stories
700 1 _aCarner, Josep,
_d1884-1971
830 0 _aProject Gutenberg
_v30890
856 4 0 _uhttp://www.gutenberg.org/ebooks/30890
942 _cEB
999 _c260145
_d260145